| 000 | 00538cam a2200193ua 4500 | ||
|---|---|---|---|
| 020 | _c795.00 | ||
| 041 |
_aeng _h |
||
| 082 |
_a574.142 _bAHL/CH |
||
| 100 | _aAhluwalia, V K . | ||
| 245 |
_aChemistry of natural products: Amino acids, peptides, proteins and enzymes / _cV K Ahluwalia. _hTextual Documents |
||
| 260 |
_aNew Delhi : _bAne Books India , _c2006. |
||
| 300 | _a249 ; . | ||
| 365 | _a795.00 | ||
| 504 | _a | ||
| 700 | 1 | _aKumar, Lalita S . | |
| 700 | 1 | _aKumar, Sanjeev . | |
| 942 | _cBK | ||
| 999 |
_c13312 _d13312 |
||